00520 2200169 4500001002100000005001500021035002000036245005300056100001900109250001000128300002900138700009000167260004900257082000800306084001400314020002200328INLIS00000000000411920230223093029 a0010-02230002561 aThe Subtle Knife :bPisau Gaib /cPhilip Pullman0 aPhilip Pullman aCet 3 a412 hlm :b- ;c14x20 cm0 aAhli Bahasa:B.Sendra Tanuwidjaya; Editor:Dini Pandia; Desain Sampul:Olvyanda Ariesta; aJakarta; :bPT.Gramedia Pustaka Utama,c2018 a823 a823 PHI t a978-979-22-2578-5